<?xml version="1.0" encoding="UTF-8"?>
<record
    xmlns:xsi="http://www.w3.org/2001/XMLSchema-instance"
    xsi:schemaLocation="http://www.loc.gov/MARC21/slim http://www.loc.gov/standards/marcxml/schema/MARC21slim.xsd"
    xmlns="http://www.loc.gov/MARC21/slim">

  <leader>01112cam a22003135a 4500</leader>
  <controlfield tag="001">12987167</controlfield>
  <controlfield tag="003">OSt</controlfield>
  <controlfield tag="005">20230607090651.0</controlfield>
  <controlfield tag="008">020718s2002    ke           f000 0 eng  </controlfield>
  <datafield tag="010" ind1=" " ind2=" ">
    <subfield code="a">  2002345081</subfield>
  </datafield>
  <datafield tag="035" ind1=" " ind2=" ">
    <subfield code="a">(DLC)  2002345081</subfield>
  </datafield>
  <datafield tag="040" ind1=" " ind2=" ">
    <subfield code="a">DLC</subfield>
    <subfield code="c">DLC</subfield>
    <subfield code="d">DLC</subfield>
  </datafield>
  <datafield tag="042" ind1=" " ind2=" ">
    <subfield code="a">lcode</subfield>
  </datafield>
  <datafield tag="043" ind1=" " ind2=" ">
    <subfield code="a">f-ke---</subfield>
  </datafield>
  <datafield tag="050" ind1="0" ind2="0">
    <subfield code="a">JQ2947.A56</subfield>
    <subfield code="b">E85 2002</subfield>
  </datafield>
  <datafield tag="082" ind1="0" ind2="0">
    <subfield code="a">172/.2</subfield>
    <subfield code="2">22</subfield>
  </datafield>
  <datafield tag="110" ind1="1" ind2=" ">
    <subfield code="a">Kenya.</subfield>
  </datafield>
  <datafield tag="245" ind1="1" ind2="0">
    <subfield code="a">Public Service Integrity Programme :</subfield>
    <subfield code="b">a source book for corruption prevention in the public service /</subfield>
    <subfield code="c">Republic of Kenya, Office of the President.</subfield>
  </datafield>
  <datafield tag="260" ind1=" " ind2=" ">
    <subfield code="a">Nairobi :</subfield>
    <subfield code="b">Directorate of Personnel Management :</subfield>
    <subfield code="b">Anti-Corruption Police Unit,</subfield>
    <subfield code="c">c2002.</subfield>
  </datafield>
  <datafield tag="300" ind1=" " ind2=" ">
    <subfield code="a">xv, 142 p. ;</subfield>
    <subfield code="c">30 cm.</subfield>
  </datafield>
  <datafield tag="500" ind1=" " ind2=" ">
    <subfield code="a">"March, 2002."</subfield>
  </datafield>
  <datafield tag="650" ind1=" " ind2="0">
    <subfield code="a">Civil service ethics</subfield>
    <subfield code="z">Kenya.</subfield>
  </datafield>
  <datafield tag="650" ind1=" " ind2="0">
    <subfield code="a">Local officials and employees</subfield>
    <subfield code="x">Professional ethics</subfield>
    <subfield code="z">Kenya.</subfield>
  </datafield>
  <datafield tag="710" ind1="1" ind2=" ">
    <subfield code="a">Kenya.</subfield>
    <subfield code="b">Directorate of Personnel Management.</subfield>
  </datafield>
  <datafield tag="710" ind1="1" ind2=" ">
    <subfield code="a">Kenya.</subfield>
    <subfield code="b">Anti-Corruption Police Unit.</subfield>
  </datafield>
  <datafield tag="906" ind1=" " ind2=" ">
    <subfield code="a">7</subfield>
    <subfield code="b">ibc</subfield>
    <subfield code="c">origode</subfield>
    <subfield code="d">3</subfield>
    <subfield code="e">ncip</subfield>
    <subfield code="f">20</subfield>
    <subfield code="g">y-gencatlg</subfield>
  </datafield>
  <datafield tag="942" ind1=" " ind2=" ">
    <subfield code="2">ddc</subfield>
    <subfield code="c">BK</subfield>
  </datafield>
  <datafield tag="999" ind1=" " ind2=" ">
    <subfield code="c">774</subfield>
    <subfield code="d">774</subfield>
  </datafield>
  <datafield tag="952" ind1=" " ind2=" ">
    <subfield code="0">0</subfield>
    <subfield code="1">0</subfield>
    <subfield code="2">ddc</subfield>
    <subfield code="4">0</subfield>
    <subfield code="7">0</subfield>
    <subfield code="a">001</subfield>
    <subfield code="b">001</subfield>
    <subfield code="d">2023-06-07</subfield>
    <subfield code="l">0</subfield>
    <subfield code="o">364.1323 KEN</subfield>
    <subfield code="p">10014349</subfield>
    <subfield code="r">2023-06-07</subfield>
    <subfield code="w">2023-06-07</subfield>
    <subfield code="y">BK</subfield>
  </datafield>
  <datafield tag="952" ind1=" " ind2=" ">
    <subfield code="0">0</subfield>
    <subfield code="1">0</subfield>
    <subfield code="2">ddc</subfield>
    <subfield code="4">0</subfield>
    <subfield code="7">0</subfield>
    <subfield code="a">002</subfield>
    <subfield code="b">002</subfield>
    <subfield code="d">2023-07-04</subfield>
    <subfield code="l">0</subfield>
    <subfield code="o">364.13 KEN</subfield>
    <subfield code="p">10007793</subfield>
    <subfield code="r">2023-07-04</subfield>
    <subfield code="w">2023-07-04</subfield>
    <subfield code="y">BK</subfield>
  </datafield>
  <datafield tag="952" ind1=" " ind2=" ">
    <subfield code="0">0</subfield>
    <subfield code="1">0</subfield>
    <subfield code="2">ddc</subfield>
    <subfield code="4">0</subfield>
    <subfield code="7">0</subfield>
    <subfield code="a">002</subfield>
    <subfield code="b">002</subfield>
    <subfield code="d">2023-07-04</subfield>
    <subfield code="l">0</subfield>
    <subfield code="o">364.13 KEN</subfield>
    <subfield code="p">10007795</subfield>
    <subfield code="r">2023-07-04</subfield>
    <subfield code="w">2023-07-04</subfield>
    <subfield code="y">BK</subfield>
  </datafield>
  <datafield tag="952" ind1=" " ind2=" ">
    <subfield code="0">0</subfield>
    <subfield code="1">0</subfield>
    <subfield code="2">ddc</subfield>
    <subfield code="4">0</subfield>
    <subfield code="7">0</subfield>
    <subfield code="a">002</subfield>
    <subfield code="b">002</subfield>
    <subfield code="d">2023-07-04</subfield>
    <subfield code="l">0</subfield>
    <subfield code="o">364.13 KEN</subfield>
    <subfield code="p">10007796</subfield>
    <subfield code="r">2023-07-04</subfield>
    <subfield code="w">2023-07-04</subfield>
    <subfield code="y">BK</subfield>
  </datafield>
  <datafield tag="952" ind1=" " ind2=" ">
    <subfield code="0">0</subfield>
    <subfield code="1">0</subfield>
    <subfield code="2">ddc</subfield>
    <subfield code="4">0</subfield>
    <subfield code="7">0</subfield>
    <subfield code="a">002</subfield>
    <subfield code="b">002</subfield>
    <subfield code="d">2023-07-04</subfield>
    <subfield code="l">0</subfield>
    <subfield code="o">364.13 KEN</subfield>
    <subfield code="p">10007794</subfield>
    <subfield code="r">2023-07-04</subfield>
    <subfield code="w">2023-07-04</subfield>
    <subfield code="y">BK</subfield>
  </datafield>
  <datafield tag="952" ind1=" " ind2=" ">
    <subfield code="0">0</subfield>
    <subfield code="1">0</subfield>
    <subfield code="2">ddc</subfield>
    <subfield code="4">0</subfield>
    <subfield code="7">0</subfield>
    <subfield code="a">002</subfield>
    <subfield code="b">002</subfield>
    <subfield code="d">2023-07-04</subfield>
    <subfield code="l">0</subfield>
    <subfield code="o">364.13 KEN</subfield>
    <subfield code="p">10007791</subfield>
    <subfield code="r">2023-07-04</subfield>
    <subfield code="w">2023-07-04</subfield>
    <subfield code="y">BK</subfield>
  </datafield>
  <datafield tag="952" ind1=" " ind2=" ">
    <subfield code="0">0</subfield>
    <subfield code="1">0</subfield>
    <subfield code="2">ddc</subfield>
    <subfield code="4">0</subfield>
    <subfield code="7">0</subfield>
    <subfield code="a">002</subfield>
    <subfield code="b">002</subfield>
    <subfield code="d">2023-07-04</subfield>
    <subfield code="l">0</subfield>
    <subfield code="o">364.13 KEN</subfield>
    <subfield code="p">10007792</subfield>
    <subfield code="r">2023-07-04</subfield>
    <subfield code="w">2023-07-04</subfield>
    <subfield code="y">BK</subfield>
  </datafield>
</record>
